00835nam a2200193 a 450000100100000000500170001000800410002702000180006804000250008608200210011110000310013224501200016325000110028326000580029430000280035295201190038095201250049999900170062400002909720200930055329.0110413s2010 dr a 000 0 spa d a9789945001464 aDO-SdBNPbspacBNPHU axxxbS211m, 20101 aSánchez, Federico92661113aEl mensaje justifica los medios :bAproximación a una teoría de la comunicación social /cFederico Sánchez. a2a ed. aSanto Domingo :bPlaza gráfica V centenario,c2010. a105 p. :bil. ;c27 cm. 0010718PDaPDbPDcCTd2011-04-13iLF1l0oxxx S211m, 2010p29097-10r2020-06-25w2020-06-25yLFPDZNo se presta 0010718PDaPDbPDcCTd2011-04-13iLF1l0oxxx S211m, 2010p29097-20r2020-06-25te. 2w2020-06-25yLFPDZNo se presta c28589d28589